Witamy w Bibliotece Naukowej Instytutu Łączności!

Theorie et praktique de la programmation COBOL / (Rekord nr 13196)

000 -LEADER
fixed length control field 00428 a2200109 4500
100 1# - MAIN ENTRY--PERSONAL NAME
Personal name Vignes, Jean.
Relator term Autor
245 0# - TITLE STATEMENT
Title Theorie et praktique de la programmation COBOL /
Statement of responsibility, etc Vignes Jean, Courty-Lajeunesse Claude, Debost-Bentz Claude.
260 ## - PUBLICATION, DISTRIBUTION, ETC. (IMPRINT)
Place of publication, distribution, etc Paris :
Name of publisher, distributor, etc Editions Technip,
Date of publication, distribution, etc 1972.
300 ## - PHYSICAL DESCRIPTION
Extent XIX, 393 s.;
Dimensions 25 cm.
700 1# - ADDED ENTRY--PERSONAL NAME
Personal name Courty-Lajeunesse, Claude.
Relator term Autor
700 1# - ADDED ENTRY--PERSONAL NAME
Personal name Debost-Bentz, Claude.
Relator term Autor
710 2# - ADDED ENTRY--CORPORATE NAME
Corporate name or jurisdiction name as entry element Editions Technip.
Relator term Wydawca
Relator code pbl
Egzemplarze
Withdrawn status Lost status Source of classification or shelving scheme Damaged status Not for loan Permanent Location Current Location Shelving location Date acquired Cost, normal purchase price Inventory number Full call number Barcode Date last seen Price effective from Koha item type
          Instytut Łączności Instytut Łączności Magazyn 1975-11-06 0.00 29609 29609 29609 2022-08-04 2017-11-30 Książki

Działa dzięki Koha